Non-Stop Flights to New Zealand - Statistics

General Stats
  • This quiz has been taken 47,893 times
    27,236 since last reset
  • The average score is 26 of 39
Answers on the Map
Answers color-coded by a green-red scale on the quiz's map according to % correct below.
 
Answer Stats
Destination % Correct
Tokyo - Narita
98%
Sydney
97%
New York - JFK
96%
Los Angeles
95%
Beijing - Capital
94%
Seoul
94%
San Francisco
91%
Chicago - O'Hare
90%
Shanghai
90%
Melbourne
89%
Perth
89%
Dubai
88%
Dallas - Fort Worth
87%
Singapore
87%
Houston
86%
Santiago
86%
Honolulu
85%
Vancouver
85%
Hong Kong
84%
Taipei - Taoyuan
83%
Kuala Lumpur
79%
Brisbane
74%
Doha
72%
Adelaide
70%
Guangzhou
67%
Hobart
54%
Denpasar (Bali)
53%
Gold Coast
47%
Apia
40%
Cairns
35%
Port Vila
31%
Nuku'alofa
28%
Sunshine Coast
20%
Nouméa
18%
Pape'ete
17%
Alofi (Niue)
15%
Nadi
14%
Norfolk Island
13%
Rarotonga
10%
No matching quizzes found
Score Distribution
Percent of People with Each Score
Percentile by Number Answered
Your Score History
You have not taken this quiz since the last reset